000 00397nam a2200169Ia 4500
003 GCL
008 140319s9999 xx 000 0 eng d
040 _aGCL /
_cGCL
082 0 4 _a296
_bS D
100 1 _aSEUIL
245 1 0 _aLE DROIT ANTISEMITE DE VICHY /
_cSEUIL
260 _a[S.N] :
_bSEUIL ،
_c1996
300 _a612
650 0 4 _aJUDICIAL PROCESS
650 0 4 _aJUDAISM
942 _2ddc
_cBK
999 _c15577
_d15577